[Event "POL-ch Academic"]
[Site "Chorzow"]
[Date "2021.05.14"]
[Round "3.19"]
[White "Rudecki, Bartosz"]
[Black "Hasterok, Mateusz"]
[Result "1/2-1/2"]
[WhiteElo "1846"]
[BlackElo "2115"]
[PlyCount "89"]
[EventDate "2021.05.14"]
[EventType "swiss (rapid)"]
[EventRounds "9"]
[EventCountry "POL"]
[SourceTitle "CBM 202 Extra"]
[Source "ChessBase"]
[SourceDate "2021.07.31"]
[SourceVersion "1"]
[SourceVersionDate "2021.07.31"]
[SourceQuality "1"]

1. e4 c5 2. Nf3 e6 3. d4 cxd4 4. Nxd4 Nc6 5. Nc3 a6 6. Be2 Qc7 7. a3 Nf6 8. 0-0 Be7 9. Be3 0-0 10. Nxc6 bxc6 11. f4 d6 12. Qe1 e5 13. fxe5 dxe5 14. Qg3 Kh8 15. Rad1 Be6 16. b4 a5 17. Bc5 axb4 18. axb4 Bxc5+ 19. bxc5 Qa5 20. Rxf6 gxf6 21. Qf2 Rg8 22. Qxf6+ Rg7 23. Qxe5 Rag8 24. Rd3 f6 25. Qxf6 Qxc5+ 26. Kf1 Bc4 27. Rd8 Bxe2+ 28. Nxe2 Qa5 29. Rxg8+ Kxg8 30. Qe6+ Rf7+ 31. Nf4 Qd2 32. g3 Qd1+ 33. Kg2 Qxc2+ 34. Kh3 Qd1 35. Qe8+ Rf8 36. Qxc6 Qf1+ 37. Kg4 Qd1+ 38. Kh3 Qf1+ 39. Kh4 Rxf4+ 40. gxf4 Qxf4+ 41. Kh3 Qf3+ 42. Kh4 Qf4+ 43. Kh5 Qxh2+ 44. Kg5 Qg3+ 45. Kf5 1/2-1/2

[Event "Krakow op-A 31st"]
[Site "Krakow"]
[Date "2021.01.04"]
[Round "9"]
[White "Kubicka, Anna"]
[Black "Hasterok, Mateusz"]
[Result "1/2-1/2"]
[WhiteElo "2256"]
[BlackElo "2108"]
[PlyCount "176"]
[EventDate "2020.12.27"]
[EventType "swiss"]
[EventRounds "9"]
[EventCountry "POL"]
[SourceTitle "CBM 200 Extra"]
[Source "ChessBase"]
[SourceDate "2021.03.31"]
[SourceVersion "1"]
[SourceVersionDate "2021.03.31"]
[SourceQuality "1"]

1. e4 c5 2. Nf3 e6 3. c4 Nc6 4. Nc3 Nge7 5. Be2 d5 6. cxd5 exd5 7. exd5 Nxd5 8. 0-0 Be7 9. d4 0-0 10. Nxd5 Qxd5 11. dxc5 Qxd1 12. Rxd1 Bxc5 13. Bf4 Re8 14. Kf1 h6 15. Rac1 Bb6 16. Bb5 Be6 17. b3 Rec8 18. Bd6 Bg4 19. Be2 Rd8 20. h3 Bh5 21. Ba3 Rac8 22. Rxd8+ Rxd8 23. Bc5 Bxc5 24. Rxc5 Bg6 25. Bb5 Rd1+ 26. Ke2 Ra1 27. Bxc6 Rxa2+ 28. Ke3 bxc6 29. Rxc6 Ra3 30. Nd4 f6 31. Rc8+ Kh7 32. Rc7 Kg8 33. Rb7 Bf7 34. Rb8+ Kh7 35. Kf4 Ra2 36. Kg3 Rd2 37. Nf3 Rd3 38. b4 Bd5 39. Rd8 Be4 40. Rxd3 Bxd3 41. Kf4 g5+ 42. Ke3 Bf1 43. Ne1 Kg6 44. Ke4 h5 45. f4 a6 46. Kf3 Bb5 47. g3 Bf1 48. h4 gxh4 49. gxh4 Kf5 50. Nc2 Ke6 51. Ke4 Bg2+ 52. Kd4 Bf1 53. Ne3 Bb5 54. f5+ Kd6 55. Nd5 Bd7 56. Nxf6 Bxf5 57. Nxh5 Kc6 58. Ng7 Bg4 59. Kc4 Be2+ 60. Kc3 Bg4 61. Ne8 Bf3 62. Kc4 Be2+ 63. Kc3 Bf3 64. Nf6 Kb5 65. Ne8 Kc6 66. Kb3 Bd1+ 67. Ka3 a5 68. bxa5 Kb5 69. Kb2 Kxa5 70. Kc1 Bf3 71. Kd2 Kb6 72. Ke3 Bd1 73. Kf4 Kc6 74. Nf6 Kd6 75. Ne4+ Ke7 76. Nc3 Bh5 77. Kg5 Bf3 78. Kg6 Kf8 79. Kh7 Kf7 80. Nb5 Bd1 81. Nd6+ Kf8 82. Kh8 Be2 83. Ne4 Bd1 84. Ng5 Be2 85. Ne6+ Kf7 86. Nf4 Bf3 87. Kh7 Bd1 88. Nh3 Kf8 1/2-1/2

[Event "Krakow op-A 31st"]
[Site "Krakow"]
[Date "2021.01.02"]
[Round "6"]
[White "Kucharska, Honorata"]
[Black "Hasterok, Mateusz"]
[Result "1-0"]
[WhiteElo "2184"]
[BlackElo "2108"]
[PlyCount "127"]
[EventDate "2020.12.27"]
[EventType "swiss"]
[EventRounds "9"]
[EventCountry "POL"]
[SourceTitle "CBM 200 Extra"]
[Source "ChessBase"]
[SourceDate "2021.03.31"]
[SourceVersion "1"]
[SourceVersionDate "2021.03.31"]
[SourceQuality "1"]

1. d4 Nf6 2. c4 e6 3. Nc3 Bb4 4. f3 d5 5. e3 c5 6. a3 Bxc3+ 7. bxc3 0-0 8. cxd5 Nxd5 9. Bd2 f5 10. c4 Nf6 11. Bc3 Nc6 12. Nh3 Qe7 13. Be2 Rd8 14. d5 exd5 15. Bxf6 Qxf6 16. cxd5 Ne7 17. Nf4 g5 18. Nh5 Qc3+ 19. Kf2 Nxd5 20. Qc1 Be6 21. Rd1 Qxc1 22. Raxc1 b6 23. e4 fxe4 24. fxe4 Ne7 25. Bf3 Bb3 26. Re1 Rd2+ 27. Ke3 Rad8 28. Nf6+ Kf7 29. Nd5 Rd4 30. Bh5+ Ng6 31. Nc3 Kg7 32. Bxg6 Kxg6 33. h3 Rd3+ 34. Kf2 a6 35. e5 Be6 36. Re3 Rd2+ 37. Ne2 R8d3 38. a4 c4 39. Rb1 Rxe3 40. Kxe3 Rd3+ 41. Kf2 Rb3 42. Rd1 Rb2 43. g4 b5 44. Rd6 Kf7 45. Rxa6 b4 46. Ke3 c3 47. Nd4 c2 48. Ra7+ Kg6 49. Rc7 Bd7 50. Kd2 b3 51. Rxd7 Rb1 52. Nxc2 bxc2 53. Kxc2 Re1 54. a5 Rxe5 55. a6 Ra5 56. a7 h5 57. Kb3 hxg4 58. hxg4 Kf6 59. Kb4 Ra1 60. Kb5 Ke5 61. Kb6 Kf4 62. Rd4+ Kf3 63. Rb4 Kg3 64. Kb7 1-0

[Event "Krakow op-A 31st"]
[Site "Krakow"]
[Date "2020.12.29"]
[Round "3"]
[White "Chmiel, Marcin"]
[Black "Hasterok, Mateusz"]
[Result "1-0"]
[WhiteElo "2229"]
[BlackElo "2108"]
[PlyCount "87"]
[EventDate "2020.12.27"]
[EventType "swiss"]
[EventRounds "9"]
[EventCountry "POL"]
[SourceTitle "CBM 200 Extra"]
[Source "ChessBase"]
[SourceDate "2021.03.31"]
[SourceVersion "1"]
[SourceVersionDate "2021.03.31"]
[SourceQuality "1"]

1. c4 e5 2. g3 Nc6 3. Nc3 Bc5 4. Bg2 a6 5. e3 d6 6. Nge2 Ba7 7. d4 h5 8. b4 Nf6 9. b5 axb5 10. cxb5 Ne7 11. dxe5 dxe5 12. Qxd8+ Kxd8 13. 0-0 Nf5 14. Rd1+ Ke7 15. Ba3+ Nd6 16. Bb4 Bb6 17. a4 Ba5 18. Bxa5 Rxa5 19. Nc1 Be6 20. Nd3 Nd7 21. Nb4 Nb6 22. Rxd6 Kxd6 23. Bxb7 Bd7 24. Nc6 Bxc6 25. Bxc6 Ke7 26. Kf1 Rd8 27. Ke2 f5 28. f3 g6 29. h3 h4 30. g4 f4 31. exf4 exf4 32. Be4 g5 33. Bc2 Rd4 34. Bb3 Nc4 35. Bxc4 Rxc4 36. Kd3 Rc5 37. Kd4 Rxc3 38. Kxc3 Ra8 39. a5 Kd6 40. Kc4 Kd7 41. a6 Re8 42. a7 Ra8 43. Kc5 Kc8 44. Kc6 1-0

[Event "Krakow op-A 31st"]
[Site "Krakow"]
[Date "2020.12.27"]
[Round "1"]
[White "Kucza, Karol"]
[Black "Hasterok, Mateusz"]
[Result "1-0"]
[WhiteElo "2294"]
[BlackElo "2108"]
[PlyCount "93"]
[EventDate "2020.12.27"]
[EventType "swiss"]
[EventRounds "9"]
[EventCountry "POL"]
[SourceTitle "CBM 200 Extra"]
[Source "ChessBase"]
[SourceDate "2021.03.31"]
[SourceVersion "1"]
[SourceVersionDate "2021.03.31"]
[SourceQuality "1"]

1. e4 c5 2. Nf3 Nc6 3. d4 cxd4 4. Nxd4 e6 5. Nc3 a6 6. Be3 Nf6 7. Nxc6 bxc6 8. e5 Nd5 9. Nxd5 cxd5 10. Bd4 Be7 11. Bd3 0-0 12. Qh5 g6 13. Qe2 d6 14. f4 dxe5 15. fxe5 f5 16. 0-0 Qc7 17. Rac1 Bc5 18. Qf2 Bxd4 19. Qxd4 Qa7 20. Qxa7 Rxa7 21. c4 Bb7 22. b4 Rd8 23. Rfd1 Kf7 24. a4 dxc4 25. Bxc4 Bd5 26. a5 Rb7 27. Bxa6 Rxb4 28. Rc7+ Kg8 29. Bc8 Rb8 30. Rdc1 Rb2 31. R7c2 Rxc2 32. Rxc2 Bb3 33. Rc3 Rd1+ 34. Kf2 Bd5 35. a6 Rd2+ 36. Ke3 Rxg2 37. Bb7 Ra2 38. Rc8+ Kg7 39. Rc7+ Kh6 40. Bxd5 exd5 41. a7 f4+ 42. Kxf4 Ra4+ 43. Ke3 Kg5 44. e6 Kf6 45. e7 Kf7 46. e8Q+ Kxe8 47. Rxh7 1-0